|
|
|
|
| LEADER |
00000nam a2200000 a 4500 |
| 001 |
vtls008426637 |
| 003 |
SK-MaSNL |
| 005 |
20260223135536.0 |
| 008 |
060127 000 0 eng |
| 040 |
|
|
|a SNK
|b slo
|c SNK
|e AACR2
|
| 245 |
1 |
|
|a A Pozsonyi Ágost. Hitv. Evang. Lyceum Nagy Könyvtárának ...
|
| 260 |
|
|
|a Pozsony
|b Nyomatott Angermayer Károlynál
|c 1873
|
| 300 |
|
|
|a 652 s.
|
| 999 |
|
|
|c 565192
|d 567122
|
| 952 |
|
|
|a SNK
|b SNK
|y VYP
|7 0
|p 17A0495550
|o snkSD 46919/3-4 D2
|i snkK 169/82
|3 Rekatalogizácia
|0 0
|1 0
|4 0
|d 2006-01-27
|l 0
|r 2026-02-23 13:55:36
|w 2026-02-23
|
| 952 |
|
|
|a SNK
|b SNK
|y VYP
|7 0
|p 17A0495551
|o snkSD 46919/3-4 D1
|i snkF 847/81
|3 Rekatalogizácia
|0 0
|1 0
|4 0
|d 2006-01-27
|l 0
|r 2026-02-23 13:55:36
|w 2026-02-23
|